000 00310nam a2200109Ia 4500
008 171211s9999 xx 000 0 und d
245 _aPass! No Puppy Guarding!
245 _cLindsay Little and Seth Little
260 _c2016
650 _xHobbieHobbiess
856 _uhttp://down.ebook777.com/062/178255100X.pdf
999 _c350345
_d350345